O culto e a festa e o quotidiano (Registo nº 85)

Detalhes MARC
000 -Etiqueta do registo
Cabeçalho 00675nam0a22002771i 4500
005 - Identificador da versão
Campo de controlo 20240813121754.0
010 ## - Número internacional normalizado dos livros (ISBN)
Número (ISBN) 9727327095
021 ## - Número do Depósito Legal
Código do país PT
035 ## - Other System Control Numbers
System Control Number 0000089
System Control Number 0000089
System Control Number 0000089
System Control Number 0000089
100 ## - Dados gerais de processamento
Dados gerais de processamento 20041103d a e0pory5003 ba
102 ## - Pais de publicação ou produção
País de publicação Portugal
101 1# - Língua de publicação
Língua do texto, banda sonora, etc. Português
Língua do documento no original Inglês
106 ## - Campo de dados codificados: material textual
Dados codificados do material textual r
105 ## - Campo de dados codificados: livros
Dados codificados dos livros y z 001yy
215 ## - Descrição física 
Indicação específica da natureza do documento e extensão da espécie 29 p
Outras indicações físicas il.
Dimensões cm
200 1# - Titulo e menção de responsabilidade
Título próprio O culto e a festa e o quotidiano
210 ## - Publicação, Distribuição, etc. 
Lugar da edição, distribuição, etc. Lisboa
Nome do editor, distribuidor, etc. Instituto do Emprego e Formação Profissional
Data da publicação, distribuição, etc. 2001
675 ## - Classificação Decimal Universal (CDU)
Notação 745/749(469)"2001"
Edição BN
Língua da edição por
966 ## - Identificação da Biblioteca
Sigla NUMETECA
942 ## - Elementos de entrada adicionados (Koha)
Tipo de item no Koha Livro
Exemplares
Situação do levantamento Origin of item (home branch) (coded) Biblioteca de empréstimo Código de barras Cota Circulation type (not for loan) Tipo de documento Nota do exemplar Damaged status
  Biblioteca Escolar Eng. Nuno Mergulhão Biblioteca Escolar Eng. Nuno Mergulhão BENM280 745 CAT   Livro Sem mensagem